| 000 | 00890nam a2200253 i 4500 | ||
|---|---|---|---|
| 001 | 62929 | ||
| 003 | ES-MaACL | ||
| 005 | 20250916063044.0 | ||
| 007 | t| | ||
| 008 | 031126s1967 sp ||||1| spa d | ||
| 017 |
_aM 3897-1967 _bOficina Depósito Legal Madrid |
||
| 040 | _cES-MaACL | ||
| 100 | 1 |
_aFernández Cuenca, Carlos, _d1904-1977 _949611 _eaut |
|
| 245 | 1 | 0 |
_aBuster Keaton / _cCarlos Fernández Cuenca. |
| 260 |
_aMadrid : _bFilmoteca Nacional de España, _c1967. |
||
| 300 |
_a142 páginas ; _c21 cm. |
||
| 600 | 1 | 4 |
_aKeaton, Buster _967697 |
| 650 | 7 |
_2embne _911010 _aCine |
|
| 852 |
_aES-MaACL _jC-49908 _bR.68505 _965314 _cDEPO2 _xEncuadernación rústica |
||
| 852 |
_aES-MaACL _jC-32067 _bR.62765 _cDEPO2 _965313 _xEncuadernación rústica |
||
| 942 |
_cMONOGRAFIA _n0 |
||
| 999 |
_c62929 _d62929 |
||